English Romantic Literature/ (Record no. 201573)

MARC details
000 -LEADER
fixed length control field 00663nam a22002057a 4500
005 - DATE AND TIME OF LATEST TRANSACTION
control field 20240318165307.0
010 ## - LCCN (DPL NO)
LC control number ENG-139763
020 ## - INTERNATIONAL STANDARD BOOK NUMBER
International Standard Book Number 9789354424007
Terms of availability 625.00
035 ## - SYSTEM CONTROL NUMBER
System control number EN-123295
037 ## - SOURCE OF ACQUISITION
Source of stock number/acquisition DBAD/PUB
082 ## - DEWEY DECIMAL CLASSIFICATION NUMBER
Classification number 880
Edition number 1
100 ## - MAIN ENTRY--PERSONAL NAME
Personal name Sundaram, Neeraja
245 ## - TITLE STATEMENT
Title English Romantic Literature/
Statement of responsibility, etc By Neeraja Sundaram and Edited By Pramod K Nayar
250 ## - EDITION STATEMENT
Edition statement 1
260 ## - PUBLICATION, DISTRIBUTION, ETC. (IMPRINT)
Place of publication, distribution, etc Hyderabad
Name of publisher, distributor, etc Orient Blackswan Private Ltd
Date of publication, distribution, etc 2023
270 ## - ADDRESS
Address 3-6-752, Himayatnagar
City Hyderabad
Postal code 500029
Electronic mail address info@orintblackswan.com
300 ## - PHYSICAL DESCRIPTION
Extent 262p.
Dimensions 23cm(pbk)
700 ## - ADDED ENTRY--PERSONAL NAME
Personal name Nayar, Pramod K
Relator term Editor
9 (RLIN) 63515
942 ## - ADDED ENTRY ELEMENTS (KOHA)
Source of classification or shelving scheme Dewey Decimal Classification
Classification part 880
Item type English Books
Call number suffix SUN
Edition 1
Holdings
Withdrawn status Lost status Not for loan Collection code Home library Current library Date acquired Source of acquisition Cost, normal purchase price Full call number Barcode Copy number Cost, replacement price Koha item type
      Non-fiction Central Library Central Library 18/03/2024 DBAD 625.00 880 SUN EN-123295 1 625.00 English Books

© Delhi Public Library
Hit Counter
free hit counter